Регионална библиотека "Любен Каравелов" - Русе

Избрани произведения (Запис номер 182311)

MARC детайли
000 -Лидер
Контролно поле с фиксирана дължина 01529nam a2200337 a 4500
003 - Код на организацията, давaща контролен номер
Контролно поле BLK
005 - Дата и час на последна редакция
Контролно поле 20240925103645.0
008 - Елементи от данни с фиксирана дължина
fixed length control field 180411b bul|||||r ||||||| ||bul||
010 ## - Наследен системен номер
LC control number KNG00191234000
040 ## - Източник на каталожния запис
Идентификатор на билиотеката - собственик на записа BLK
041 ## - Код за език
Код за езика на текст/звукозапис или на отделно заглавие Български
Код за езика КДБФ Български
080 ## - УДК
Текстов определител УДК Българска литература
УДК код - определител по УДК 821.163.2
УДК определител (081)
УДК - код + определител 821.163.2(081)
080 ## - УДК
Текстов определител УДК Българска литература
УДК код - определител по УДК 821.163.2
УДК определител -31
УДК - код + определител 821.163.2-31
100 1# - Редна дума - Автор
Автор Гуляшки, Андрей Стоянов
Авторска отговорност първи автор
R(LIN) 368225
139 ## - Редно поле
Редна дума Гуляшки, Андрей Стоянов
Авторски знак Гул - Г 92
245 10 - Сведения за заглавието
Заглавие Избрани произведения
Подзаглавни данни В 2 т. За том: Романи
Редно поле (дума) Андрей Стоянов Гуляшки.
Том Т. 2.
Заглавие на том Маршалският жезъл ; Седемте дни на нашия живот ; Романтична повест ; Случаят в Момчилово
257 ## - Страна на издаване
Страна на създаване/издаване България
260 ## - Област на издателските данни
Място на издаване, разпространение и проч. София
Име на издателя, разпространителя и проч. Бълг. писател
Година на издаване 1974 -
300 ## - Физическа характеристика
Размери/Мащаб 21 см
380 ## - Жанр
Жанр Худож. лит.
500 ## - Общи забележки
Забележка 15 100 тир.
653 ## - Ключова дума – ненормативна
Ключова дума романи
760 1# - Описание на основната серия
Редна дума на основното описание Гуляшки, Андрей Стоянов
Място на издаване, издател и година 1974
Страници - том 588 с.
Заглавие Т. 2. Маршалският жезъл ; Седемте дни на нашия живот ; Романтична повест ; Случаят в Момчилово
852 ## - Местоположение
Форматна сигнатура Цб 70326
856 4# - Електронен адрес и достъп
Електронен формат pdf - файл
856 4# - Електронен адрес и достъп
Електронен формат pdf - файл
999 ## - СИСТЕМНИ КОНТРОЛНИ НОМЕРА
Koha biblionumber 182311
Koha biblioitemnumber 182311
942 ## - АРТИКУЛИ
Вид на библиотечния материал Книги
Скрит в OPAC Не
Koha issues (borrowed), all copies 5
Периодичен библиозапис Да
944 ## - СЪЗДАВАНЕ И РЕДАКЦИЯ на ЗАПИСА
Създаване/Редакция Създаване
Дата на регистрацията/редакция 30.09.2016
Служител, извършил регистрацията/редакцията 30564
Статус, дата на статуса Галина Якимова
944 ## - СЪЗДАВАНЕ И РЕДАКЦИЯ на ЗАПИСА
Създаване/Редакция Редакция
Дата на регистрацията/редакция 2022-08-16
Служител, извършил регистрацията/редакцията ир
999 ## - СИСТЕМНИ КОНТРОЛНИ НОМЕРА
Koha biblioitemnumber 182311
Наличности
Код за отписване Код за изгубен артикул Източник на класификационната схема Код за повреда Коз за рестрикции Код за отдаване Артикулен № Име на библиотеката - собственик Име на библиотеката, в която се намира в момента Статус (Текущо местоположение) Дата на вписване в системата Местоположение - отдел Цена в лева Инвентарен номер Систематично азбучна сигнатура Баркод Номер на екземпляра Цена в евро Служебна бележка Служебен тип на артикула Бележка за публиката
  Не е изгубен Universal Decimal Classification Не е повреден само за читалня ползва се в читалня 312882 Регионална библиотека "Любен Каравелов" Русе Регионална библиотека "Любен Каравелов" Русе Хранилище 1974-01-01 Хранилище 2.52 151550 Цб 70326 120000151550 1 1.29 N: стар фонд Дата: 01.01.1974 Книги  
Изтеглен Не е изгубен   Не е повреден без рестрикции заемане за дома 312883 Регионална библиотека "Любен Каравелов" Русе Регионална библиотека "Любен Каравелов" Русе   1974-01-01 Заемна - подръчен фонд 2.52 152264 П 886.7(081)/Г 92 152264 2 1.29 N: стар фонд Дата: 01.01.1974 Книги Отч.N: 11/2018 , Дата: 02.02.2018
Изтеглен Не е изгубен   Не е повреден без рестрикции заемане за дома 312884 Регионална библиотека "Любен Каравелов" Русе Регионална библиотека "Любен Каравелов" Русе   1974-01-01 Заемна - подръчен фонд 2.50 152268 П 886.7(081)/Г 92 152268 3 1.28 N: стар фонд Дата: 01.01.1974 Книги Отч.N: 21/18 , Дата: 26.03.2018
Изтеглен Не е изгубен   Не е повреден без рестрикции заемане за дома 312885 Регионална библиотека "Любен Каравелов" Русе Регионална библиотека "Любен Каравелов" Русе   1974-01-01 Заемна - подръчен фонд 2.50 152270 П 886.7(081)/Г 92 152270 4 1.28 N: стар фонд Дата: 01.01.1974 Книги Отч.N: 21/18 , Дата: 26.03.2018
Изтеглен Не е изгубен   Не е повреден без рестрикции заемане за дома 312886 Регионална библиотека "Любен Каравелов" Русе Регионална библиотека "Любен Каравелов" Русе   1974-01-01 Заемна - подръчен фонд 2.50 152273 П 886.7(081)/Г 92 152273 5 1.28 N: стар фонд Дата: 01.01.1974 Книги Отч.N: 21/18 , Дата: 26.03.2018
  Не е изгубен Universal Decimal Classification Не е повреден без рестрикции заемане за дома 312887 Регионална библиотека "Любен Каравелов" Русе Регионална библиотека "Любен Каравелов" Русе Заемна - подръчен фонд 1974-01-01 Заемна - подръчен фонд 2.52 152342 П 886.7(081)/Г 92 120000152342 6 1.29 N: стар фонд Дата: 01.01.1974 Дата инв: 14.02.2018 Бележки инв: П2018 Книги  
Vip Innovations Ltd, Rousse, Bulgaria 2025